Statistiques concernant Cyclisme: Top 30 de Paris-Roubaix 2022

Cliquez ici pour prendre le quiz!

Statistiques générales

  • Ce quiz a été pris 285 fois
  • Le résultat moyen est 11 sur 30

Statistiques - réponses

PosEquipeCoureur% Correct
2èmeJumbo-VismaWout van Aert
98%
1erINEOS GrenadiersDylan Van Baarle
94%
3èmeGroupama-FDJStefan Küng
92%
9èmeAlpecin-FenixMathieu van der Poel
86%
5èmeBahrain VictoriousMatej Mohoric
69%
10èmeQuick-Step Alpha Vinyl TeamYves Lampaert
65%
6èmeIntermarché-Wanty-GobertAdrien Petit
61%
17èmeAG2R Citroën TeamGreg Van Avermaet
54%
7èmeTrek-SegafredoJasper Stuyven
50%
12èmeIntermarché-Wanty-GobertAlexander Kristoff
49%
13èmeQuick-Step Alpha Vinyl TeamFlorian Sénéchal
47%
8èmeTeam Arkéa-SamsicLaurent Pichon
41%
22èmeBORA-hansgroheNils Politt
36%
15èmeTeam Arkéa-SamsicMatis Louvel
33%
4èmeIntermarché-Wanty-GobertTom Devriendt
33%
18èmeTeam DSMJohn Degenkolb
30%
11èmeINEOS GrenadiersBen Turner
28%
16èmeIntermarché-Wanty-GobertTaco van der Hoorn
24%
25èmeMovistar TeamIván García Cortina
22%
30èmeLotto SoudalPhilippe Gilbert
22%
28èmeGroupama-FDJOlivier Le Gac
19%
20èmeJumbo-VismaMike Teunissen
17%
24èmeTotalEnergiesDries van Gestel
16%
19èmeIntermarché-Wanty-GobertAndrea Pasqualon
13%
14èmeBORA-hansgroheJordi Meeus
11%
21èmeEF Education-EasyPostStefan Bissegger
8%
27èmeUno-X Pro Cycling TeamAnders Skaarseth
6%
23èmeIntermarché-Wanty-GobertBaptiste Planckaert
6%
29èmeMovistar TeamMathias Norsgaard
6%
26èmeAlpecin-FenixGuillaume Van Keirsbulck
5%

Distribution des résultats

Percentile par nombre de réponses

% des personnes avec chaque résultat

Votre développement - résultats

Vous n’avez pas pris ce quiz